000 00351nam a2200145Ia 4500
008 230917s9999||||xx |||||||||||||| ||und||
040 _e211575
_aMAIN
041 _aEnglish
082 _a658.4 K131B
100 _aKanagawa, Michael T
245 0 _aBig Ideas to big results
260 _aNew Delhi
_bPearson
_c2008
300 _a239 p.
942 _cBK
999 _c172883
_d172883